Funds for rural businesses (Record no. 68822)
[ view plain ]
| 000 -LEADER | |
|---|---|
| fixed length control field | 00795cam a2200193 4500 |
| 001 - CONTROL NUMBER | |
| control field | WB3742-34 |
| 008 - FIXED-LENGTH DATA ELEMENTS--GENERAL INFORMATION | |
| fixed length control field | 011108n2001 000 0 eng u |
| 035 ## - SYSTEM CONTROL NUMBER | |
| System control number | (Sirsi) u115541 |
| 245 ## - TITLE STATEMENT | |
| Title | Funds for rural businesses |
| 260 ## - PUBLICATION, DISTRIBUTION, ETC. | |
| Date of publication, distribution, etc. | 2001 |
| 490 ## - SERIES STATEMENT | |
| Series statement | DTI News Release |
| Volume/sequential designation | (P2001/617) 7 November 2001, (2) |
| 520 ## - SUMMARY, ETC. | |
| Summary, etc. | Businesses in communities affected by foot and mouth will benefit from a new support programme, the Development Fund for Rural Renewal which offers funding to projects supporting enterprise in FMD areas. Groups benefiting will be enabled to develop new business and marketing ideas and innovative ideas to help rural communities. |
| 590 ## - LOCAL NOTE (RLIN) | |
| Local note | WB |
| 650 ## - SUBJECT ADDED ENTRY--TOPICAL TERM | |
| Topical term or geographic name entry element | RURAL AREAS |
| 650 ## - SUBJECT ADDED ENTRY--TOPICAL TERM | |
| Topical term or geographic name entry element | FOOT-AND-MOUTH DISEASE |
| 650 ## - SUBJECT ADDED ENTRY--TOPICAL TERM | |
| Topical term or geographic name entry element | FUNDING |
| 690 ## - LOCAL SUBJECT ADDED ENTRY--TOPICAL TERM (OCLC, RLIN) | |
| Topical term or geographic name as entry element | Rural |
| 9 (RLIN) | 6268 |
| 942 ## - ADDED ENTRY ELEMENTS (KOHA) | |
| Suppress in OPAC | 0 |
| Withdrawn status | Lost status | Source of classification or shelving scheme | Damaged status | Not for loan | Home library | Current library | Shelving location | Date acquired | Total Checkouts | Full call number | Barcode | Date last seen | Copy number | Price effective from | Koha item type |
|---|---|---|---|---|---|---|---|---|---|---|---|---|---|---|---|
| Dewey Decimal Classification | London | London | News article | 08/11/2001 | WB3742-34 | 115541-1001 | 06/08/2019 | 1 | 06/08/2019 | News article |